000 00571cam a22002053a 4500
001 46064
003 PGUSA
005 20140828084058.0
008 140621s2014||||xxu|||||s|||||000 | eng d
040 _aPGUSA
_beng
042 _adc
100 1 _aWells, Carolyn,
_d1862-1942
245 1 4 _aThe Deep Lake Mystery
_h[electronic resource] /
_cCarolyn Wells
260 _bProject Gutenberg,
_c2014
506 _aPublic domain in the USA.
516 _aElectronic text
830 0 _aProject Gutenberg
_v46064
856 4 0 _uhttp://www.gutenberg.org/ebooks/46064
942 _cEB
999 _c275313
_d275313